MLB 2022 Gold Glovers - Statistics

General Stats
  • This quiz has been taken 64 times
  • The average score is 5 of 20
Answer Stats
Position Player % Correct
3B Nolan Arenado
76%
C J.T. Realmuto
48%
RF Mookie Betts
48%
C Jose Trevino
36%
1B Vladimir Guerrero Jr.
36%
SS Dansby Swanson
28%
1B Christian Walker
24%
SS Jeremy Peña
24%
P Max Fried
24%
UT Brendan Donovan
22%
UT DJ LeMahieu
22%
LF Ian Happ
18%
RF Kyle Tucker
18%
P Shane Bieber
18%
LF Steven Kwan
18%
2B Andrés Giménez
16%
CF Trent Grisham
16%
2B Brendan Rodgers
12%
CF Myles Straw
12%
3B Ramón Urías
12%
No matching quizzes found
Score Distribution
Percent of People with Each Score
Percentile by Number Answered
Your Score History
You have not taken this quiz